Songs by Five Lyrics #2 - Statistics

General Stats
  • This quiz has been taken 32 times
  • The average score is 8 of 15
Answer Stats
Year Lyrics Answer % Correct
1976 buddy, disgrace, face, kicking, mud We Will Rock You
78%
1999 Erica, Jessica, Monica, Rita, Tina Mambo No. 5 (A Little Bit of...)
75%
1982 bless, hurry, Kilimanjaro, rains, Serengeti Africa
72%
1979 all, classroom, control, education, teacher Another Brick in the Wall (Part 2)
59%
2002 knees, opportunity, spaghetti, sweater, vomit Lose Yourself
59%
1983 claims, hee-hee, lover, round, son Billie Jean
53%
1988 Aruba, Bahama, Bermuda, Jamaica, Montego Kokomo
53%
2018 cowboy, Gucci, horse, lean, tractor Old Town Road
53%
1964 gambler, Orleans, poor, sin, tailor The House of the Rising Sun
47%
1981 boulevard, Detroit, midnight, perfume, streetlight Don't Stop Believin'
44%
1978 21st, cloudy, dancing, December, remember September
44%
1984 4th, 5th, broken, chord, Lord Hallelujah
38%
1965 L.A., pray, pretend, Wednesday, winter's California Dreamin'
34%
1977 brother, mother, Times', walk, woman's Stayin' Alive
34%
1993 craps, Fatburger, Goodyear, pimp, Supersonics It Was a Good Day
9%
No matching quizzes found
Score Distribution
Percent of People with Each Score
Percentile by Number Answered
Your Score History
You have not taken this quiz